| 000 | 00000nam##2200000za#4500 |
| 001 | 9.571797 |
| 003 | CaOODSP |
| 005 | 20210624182913 |
| 007 | cr ||||||||||| |
| 008 | 150406|1999||||xxc|||||o f|0| 0 eng|d |
| 040 | |aCaOODSP|beng |
| 043 | |an-cn--- |
| 086 | 1 |aNH18-24/23E-PDF |
| 110 | 2 |aCanada Mortgage and Housing Corporation. |
| 245 | 10|aWater-saving tips for your lawn and garden |h[electronic resource] |
| 260 | |aOttawa - Ontario : |bCanada Mortgage and Housing Corporation |cc1999. |
| 300 | |a4p.|breferences, photographs |
| 490 | 1 |aAbout your house |vCE23 |
| 590 | |a11-23-Supp|b2011-10-17 |
| 690 | 07|aWater conservation|2gcpds |
| 690 | 07|aGardens|2gcpds |
| 775 | 08|tComment entretenir vos pelouses et jardins en économisant l'eau |w(CaOODSP)9.602220 |
| 776 | 0#|tWater-saving tips for your lawn and garden |w(CaOODSP)9.615718 |
| 830 | #0|aAbout your house ;|vCE23|w(CaOODSP)9.505388 |
| 856 | 40|ahttp://publications.gc.ca|qPDF|s861 KB|uhttps://publications.gc.ca/collections/Collection/NH18-24-23E.pdf|yCE23 |